000 01069nam a2200337Ia 4500
003 OSt
005 20220912145252.0
006 a|||||r|||| 00| 0
007 ta
008 220909b |||||||| |||| 00| 0 eng d
020 _a9780470177945 (hbd)
024 _a81589
037 _b142, 12/09/2008, Ashutosh Technical Books
037 _cTextbook
040 _aCSL
_beng
_cCSL
041 _aeng
082 _aB28M49, M1;P8 TB
100 _aRubinstein Reuven
245 0 _aSimulation and the Monte Carlo method
250 _a2
260 _aNew Jersey
_bWiley
_c2008
300 _axvii, 345p.
_ccm.
490 _aWiley series in probability and statistics
500 _aIncludes bibliographical notes.; Appendix 315-335p.; Index 341-345p.
650 _a Digital computer simulation
650 _a Monte carlo method
650 _aStatistics
700 _a Kroese Dirk P
942 _hB28M49, M1;P8 TB
_cTB
_2CC
999 _c27495
_d27495